000 00780nam a2200241Ia 4500
001 10361
003 GE_BSU
008 181216s||||||||xx |||||||||||||| ||und||
040 _cGE_BSU
080 _a821.353.1–32
100 _aუბილავა,ელიზბარ
245 _aანაკლიის ღამე
245 _bმოთხრობა
245 _cრედ.ნ.ლორთქიფანიძე.;მხატვ.ი.ქლიბაძე
250 _aმე–2 გამოც.გადამუშ.
260 _aთბილისი
260 _bნაკადული
260 _c1965
300 _a235გვ.20სმ.
653 _aანაკლიის ღამე
653 _aმოთხრობა
942 _cBK
999 _c43626
_d43626